000 00795nam a2200217Ia 4500
003 SEM
999 _c46559
_d46559
005 20220608071338.0
008 141116s9999 xx 000 0 arm d
020 _a5807702328
040 _aSEM
_cSEM
041 _aarm.
080 _a891.981-3/Պ-79
100 1 0 _aՊողոսյան Ստեփան Կարապետի; Պողոսյան Կարո Ստեփանի
245 1 0 _aԻնձ բահ տվեք… (Գևորգ Չաուշ): /
_cՍ. Պողոսյան; Կ. Պողոսյան; Խմբ.` Վ. Իսրայելյան
260 _aԵրևան:
_b«Արևիկ»,
_c1990.
300 _a447 էջ;
_c23 սմ
_eքարտեզ;
600 _a Չաուշ Գևորգ
650 _aՀայ գրականություն
_xարձակ
700 _aԻսրայելյան Վ.
_4edt.
_eխմբ.
942 _2udc
_cBK